<?xml version="1.0" encoding="UTF-8"?>
<record
    xmlns:xsi="http://www.w3.org/2001/XMLSchema-instance"
    xsi:schemaLocation="http://www.loc.gov/MARC21/slim http://www.loc.gov/standards/marcxml/schema/MARC21slim.xsd"
    xmlns="http://www.loc.gov/MARC21/slim">

  <leader>00852nam a2200157Ia 4500</leader>
  <controlfield tag="008">120626s9999    xx            000 0 und d</controlfield>
  <datafield tag="020" ind1=" " ind2=" ">
    <subfield code="a">978-970-29-0698-8</subfield>
  </datafield>
  <datafield tag="050" ind1=" " ind2=" ">
    <subfield code="a">QH315 J56 2003</subfield>
  </datafield>
  <datafield tag="100" ind1=" " ind2=" ">
    <subfield code="a">JIMENO FERN&#xC1;NDEZ, Antonio</subfield>
  </datafield>
  <datafield tag="245" ind1=" " ind2=" ">
    <subfield code="a">Biolog&#xED;a / Antonio Fern&#xE1;ndez Jimeno, Manuel Ballesteros V&#xE1;zquez y Luis Ugedo Ucar ; edici&#xF3;n: Javier A. Su&#xE1;rez Ruiz</subfield>
  </datafield>
  <datafield tag="260" ind1=" " ind2=" ">
    <subfield code="a">M&#xE9;xico : Santillana</subfield>
  </datafield>
  <datafield tag="300" ind1=" " ind2=" ">
    <subfield code="a">411 p. : il. col., fot., diagrs., tablas ; 27 cm.</subfield>
  </datafield>
  <datafield tag="500" ind1=" " ind2=" ">
    <subfield code="a">Ap&#xE9;ndices: 1. La amibiasis 2. Cuestiones de bio&#xE9;tica 3. Par&#xE1;sitos: ecolog&#xED;a y salud 4. Tamiz gen&#xE9;tico en pediatr&#xED;a 5. La hepatitis C</subfield>
  </datafield>
  <datafield tag="650" ind1=" " ind2=" ">
    <subfield code="a">BIOLOG&#xCD;A - SOCIEDAD \ FIS&#xCD;CO-QU&#xCD;MICO - VIDA \ FISOLOG&#xCD;A CELULAR \ GEN&#xC9;TICA \ MOCROORGANISMOS - INMUNIDAD</subfield>
  </datafield>
  <datafield tag="700" ind1=" " ind2=" ">
    <subfield code="a">BALLESTEROS V&#xC1;ZQUEZ, Manuel (coaut.) \ UGEDO UCAR, Luis (coaut.) \ SU&#xC1;REZ RUIZ, Javier A. (ed.)&#xCC;</subfield>
  </datafield>
  <datafield tag="952" ind1=" " ind2=" ">
    <subfield code="0">0</subfield>
    <subfield code="1">0</subfield>
    <subfield code="2">ddc</subfield>
    <subfield code="4">0</subfield>
    <subfield code="7">0</subfield>
    <subfield code="a">22</subfield>
    <subfield code="b">22</subfield>
    <subfield code="d">2010-10-29</subfield>
    <subfield code="l">1</subfield>
    <subfield code="o">QH315 J56 2003</subfield>
    <subfield code="p">17 000857</subfield>
    <subfield code="r">2023-07-31</subfield>
    <subfield code="s">2013-11-05</subfield>
    <subfield code="t">1</subfield>
    <subfield code="w">2012-06-26</subfield>
    <subfield code="y">LB</subfield>
    <subfield code="f"></subfield>
  </datafield>
  <datafield tag="952" ind1=" " ind2=" ">
    <subfield code="0">0</subfield>
    <subfield code="1">0</subfield>
    <subfield code="2">ddc</subfield>
    <subfield code="4">0</subfield>
    <subfield code="7">0</subfield>
    <subfield code="a">22</subfield>
    <subfield code="b">22</subfield>
    <subfield code="d">2010-11-19</subfield>
    <subfield code="l">0</subfield>
    <subfield code="o">QH315 J56 2003</subfield>
    <subfield code="p">17 000998</subfield>
    <subfield code="r">2023-08-01</subfield>
    <subfield code="t">2</subfield>
    <subfield code="w">2012-06-26</subfield>
    <subfield code="y">LB</subfield>
    <subfield code="f"></subfield>
  </datafield>
  <datafield tag="999" ind1=" " ind2=" ">
    <subfield code="c">73520</subfield>
    <subfield code="d">73520</subfield>
  </datafield>
</record>
